000 00290nam a22001337a 4500
008 181015b xxu||||| |||| 00| 0 eng d
020 _a9780072289824
041 _aeng
080 _a159.9
100 _a49
101 _aPSI
245 _aAbnormal Psychology
_cHlgin.W
942 _2udc
_cBK
999 _c49662
_d49662